| 000 | 00540nam a2200181 i 4500 | ||
|---|---|---|---|
| 001 | 108816 | ||
| 003 | ES-MaACL | ||
| 005 | 20230906184720.0 | ||
| 007 | t| | ||
| 008 | 061121s1969 sp r ||||1| spa d | ||
| 100 | 1 |
_aMouritz, H.A. _983904 |
|
| 245 | 1 | 4 |
_aLos grandes temas del catecismo holandés / _cH.A. Mouritz; traducción de Eloy Requena. |
| 260 |
_aMadrid : _bStudium, _c1969. |
||
| 300 |
_a154 p. ; _c19 cm. |
||
| 630 | 0 | 4 |
_aNieuwe Katechismus. _9166154 |
| 700 | 1 |
_aRequena, Eloy. _996289 |
|
| 852 |
_aES-MaACL _jC-35919 _bR.69314 |
||
| 999 |
_c108816 _d108816 |
||